| 000 | 00429nam a2200157Ia 4500 | ||
|---|---|---|---|
| 008 | 210716s2013 xx 000 0 und d | ||
| 020 | _a9789382332350 | ||
| 041 | _aeng | ||
| 082 | _a620.00151 ABIM | ||
| 100 | _aAbid, Manaullah. | ||
| 245 | _aBeginning with c11 and matlab. | ||
| 250 | _a1 | ||
| 260 |
_aNew Delhi _bI K International Publishing House Pvt Ltd _c2013 |
||
| 300 | _axii,302/ 2019 | ||
| 650 | _aMatlab(620.00151) | ||
| 999 |
_c197280 _d197280 |
||